00924nam a22002297a 450000500170000001000260001702000260004303500140006903500140008303700090009708200120010610000240011824500630014226000380020527000510024330000320029470000320032694200260035899900190038495201350040395201560053820241202142515.0 aENG-132260 ENG-142772 a9789389845761c360.00 aEN-115792 aEN-126304 bDBAD a004.678 aJain, Satish974483 aIOT and Its Applications/cBy Satish Jain and Shashi Singh aNew DelhibBPB Publicationsc2020 bNew Delhia20, Ansari Road, Darya Ganje110002 axiv,329p.bIndexc28cm(pbk) aShashi SingheAuthor974484 2ddccENmJAIh004.678 c187294d187294 001040708NFICaLbLd2022-04-11eDBAD/PUBg360.00l8m8o004.678 JAIpEN-115792r2024-05-17 00:00:00s2024-05-03t1v360.00yEN 001040708NFICaAVbAVd2024-12-02eDelivery of Books Act Divisiong360.00l0oJAI 004.678pEN-126304r2024-12-02 00:00:00t1v360.00w2024-12-02yEN